00565nam a2200121Ia 4500008004100000020001800041100005000059245011400109260002700223650013000250650002200380856004100402171212s9999 xx 000 0 und d a9780833038678 aLowell, Julia F.;Ondaatje, Elizabeth Heneghan cLowell, Julia F.;Ondaatje, Elizabeth HeneghanaThe Arts and State GovernmentsbAt Arm's Length or Arm in Arm? bRAND Corporationc2006 aGovernment aid to the arts -- United States -- Case studies; Art commissions -- United States; U.S. states -- Cultural policy aPolitical Science uwww.jstor.org/stable/10.7249/mg359wf